Boston by Picture - Statistics

General Stats
  • This quiz has been taken 288 times
  • The average score is 11 of 15
Answer Stats
Picture Hint Answer % Correct
Event Boston Marathon
96%
Politician Benjamin Franklin
92%
College Harvard University
90%
Food Clam Chowder
89%
Stadium Fenway Park
88%
Athlete Tom Brady
86%
Actor Mark Wahlberg
84%
Food Baked Beans
78%
Ship U.S.S {Constitution}
70%
Form of Transportation {Duck}boat
67%
Building {Faneuil} Hall
64%
Famous for Italian Culture North End
58%
Church {Old North} Church
44%
Park {Copley} Square
33%
Mayor Marty Walsh
29%
No matching quizzes found
Score Distribution
Percent of People with Each Score
Percentile by Number Answered
Your Score History
You have not taken this quiz